• 首页
  • 本馆介绍
  • 公告通知
  • 最新文献
  • 馆藏检索
  • 电子资源
  • 读者导购
  • 参考咨询
  • 我的图书馆
  • 登录
  • 详细信息显示
  • 放入我的书架
  • 预约/预借图书
  • 作者相关作品
  • 分类相关作品
  • 丛书相关作品
  • 出版社相关作品

书目信息

  • 表格格式
  • 工作单格式
  • 卡片格式
题名:
建设项目投资效果考核
    
 
作者: 刘慧勇 , 丁松旺 , 赵垂统 编著
分册:  
出版信息: 北京   中国财政经济出版社  1988
页数: 190页
开本: 20cm
丛书名: 投资管理丛书
单 册:
中图分类: F282
科图分类:
主题词: 基本建设经济 , 基本建设 , 基本建设经济学 , 基本建设优化学
电子资源:
ISBN:
000 00841nam0 2200277 450
001 0638476859
005 20060810104327.93
010    @dCNY1.20
100    @a20060810d1988 km y0chiy0120 ea
101 0  @achi
102    @aCN@b110000
200 1  @a建设项目投资效果考核@Ajian she xiang mu tou zi xiao guo kao he@f刘慧勇,丁松旺,赵垂统编著@Fliu hui yong,ding song wang,zhao chui tong bian zhu
210    @a北京@c中国财政经济出版社@d1988
215    @a190页@d20cm
225 2  @a投资管理丛书
410  0 @12001 @a投资管理丛书
606 0  @a基本建设经济
606 0  @a基本建设
606 0  @a基本建设经济学
606 0  @a基本建设优化学
690    @aF282@v3
701  0 @a刘慧勇@Aliu hui yong@4编著
701  0 @a丁松旺@Ading song wang@4编著
701  0 @a赵垂统@Azhao chui tong@4编著
801  0 @aCN@bPFT@c20060810
905    @a10447@dF282@e268
    
    建设项目投资效果考核/刘慧勇,丁松旺,赵垂统编著.-北京:中国财政经济出版社,1988
    190页;20cm.-(投资管理丛书)
    
    
    ISBN :CNY1.20
    
●
相关链接 在E读中查询图书 在五车中查询图书 在当当中查询图书 在豆瓣中查询图书


正题名:建设项目投资效果考核     索取号:F282/268         预约/预借

序号 登录号 条形码 馆藏地/架位号 状态 备注
1 0448371   204483718   密集书库/ [索取号:F282/268] 在馆    
唐山师范学院图书馆 欢迎您!
大连网信软件有限公司© 版权所有